| 000 | 00582nam a22001817a 4500 | ||
|---|---|---|---|
| 003 | 0 | ||
| 005 | 20231117143655.0 | ||
| 008 | 231117b xxu||||| |||| 00| 0 eng d | ||
| 020 | _a978-621-4182-74-9 | ||
| 050 |
_aPE 1130 _b.J67 2023 |
||
| 100 | _aJosue, Marshall Felix L. | ||
| 245 |
_aDrills and exercises for intensive english _c Marshall Felix L. Josue |
||
| 260 |
_aQuezon City _bWiseman's Book Trading, Inc. _cc2023. |
||
| 300 |
_avii, 180 pages ; _c23 cm. |
||
| 504 | _aIncludes bibliographical references. | ||
| 650 | _aEnglish language--textbooks. | ||
| 942 |
_2lcc _cBK |
||
| 999 |
_c365626 _d365626 |
||